Состояние и перспективы системных исследований химико- и энерго-технологических объектов: материалы II школы по математическому моделированию, системному анализу и оптимизации химико-технологических процессов, аппаратов и производств, Киев, 1986 г.

Бібліографічні деталі
Співавтори: Академия наук Украинской ССР (АН УССР) Институт газа, Математическое моделирование, системный анализ и оптимизация химико-технологических процессов, аппаратов и производств школа
Інші автори: Кафаров В. В. Виктор Вячеславович (редактор)
Мова:Російська
Опубліковано: Киев, Наукова думка, 1986
Предмети:
Формат: MixedMaterials Книга
KOHA link:https://koha.lib.tpu.ru/cgi-bin/koha/opac-detail.pl?biblionumber=279603

MARC

LEADER 00000nam0a2200000 4500
001 279603
005 20231101235226.0
020 |a RU  |b 86-40723 
035 |a (RuTPU)RU\TPU\book\302899 
090 |a 279603 
100 |a 20141222d1986 k y0rusy5003 ca 
101 0 |a rus 
102 |a UA 
105 |a a z 101zy 
200 1 |a Состояние и перспективы системных исследований химико- и энерго-технологических объектов  |e материалы II школы по математическому моделированию, системному анализу и оптимизации химико-технологических процессов, аппаратов и производств, Киев, 1986 г.  |f Академия наук Украинской ССР (АН УССР), Институт газа ; под ред. В. В. Кафарова 
210 |a Киев  |c Наукова думка  |d 1986 
215 |a 163 с.  |c ил. 
320 |a Библиогр. в конце докл. 
606 1 |a Химико-технологические процессы  |x Системный анализ  |2 stltpush  |3 (RuTPU)RU\TPU\subj\67789  |9 83455 
610 1 |a химическая промышленность 
610 1 |a системные исследования 
610 1 |a энерго-химико-технологические системы 
610 1 |a сложные системы 
610 1 |a энергетические установки 
610 1 |a равновесные процессы 
610 1 |a неравновесные процессы 
610 1 |a оптимизация 
610 1 |a квантовое описание 
610 1 |a термодинамическое описание 
610 1 |a газопереработка 
610 1 |a автоматизированное проектирование 
610 1 |a производственные системы 
610 1 |a кинетические модели 
610 1 |a химические процессы 
610 1 |a гелиосистемы 
610 1 |a теплофизические свойства 
610 1 |a математическое моделирование 
610 1 |a нефтяные газы 
610 1 |a газодобыча 
610 1 |a САПР 
610 1 |a рабочие процессы 
610 1 |a теплоснабжение 
610 1 |a научные труды 
675 |a 66.011(063)  |v 4 
702 1 |a Кафаров  |b В. В.  |g Виктор Вячеславович  |4 340 
712 0 2 |a Академия наук Украинской ССР (АН УССР)  |b Институт газа  |c (Киев)  |2 stltpush  |3 (RuTPU)RU\TPU\col\11480 
712 1 2 |a Математическое моделирование, системный анализ и оптимизация химико-технологических процессов, аппаратов и производств  |b школа  |d 2  |e Киев  |f 1986 
801 0 |a RU  |b RuMRKP  |c 19950704  |g psbo 
801 1 |a RU  |b 63413507  |c 20141222 
801 2 |a RU  |b 63413507  |c 20170419  |g RCR 
942 |c BK